Positioning ministry for success / (Record no. 2734)

MARC details
000 -LEADER
fixed length control field 00718nam a2200229 a 4500
001 - CONTROL NUMBER
control field 1450148
003 - CONTROL NUMBER IDENTIFIER
control field GBCCL
005 - DATE AND TIME OF LATEST TRANSACTION
control field 20241126110438.0
008 - FIXED-LENGTH DATA ELEMENTS--GENERAL INFORMATION
fixed length control field 850701s1984 ilua 000 0 eng
010 ## -
-- 85172964
040 ## - CATALOGING SOURCE
Original cataloging agency DLC
Transcribing agency DLC
Modifying agency DLC
050 00 -
-- BV4011
-- .C54 1984
082 00 - DEWEY DECIMAL CLASSIFICATION NUMBER
Classification number 253
Edition information 19
Item number CLA
100 1# - MAIN ENTRY--PERSONAL NAME
Personal name Clapp, Steve.
9 (RLIN) 5780
245 10 - TITLE STATEMENT
Title Positioning ministry for success /
Statement of responsibility, etc. Steve Clapp.
260 ## - PUBLICATION, DISTRIBUTION, ETC.
Place of publication, distribution, etc. Champaign, Ill. (P.O. Box 1408, Champaign 61820) :
Name of publisher, distributor, etc. C-4 Resources,
Date of publication, distribution, etc. c1984.
300 ## - PHYSICAL DESCRIPTION
Extent iv, 186 p. :
Other physical details ill. ;
Dimensions 22 cm.
440 #0 - SERIES STATEMENT/ADDED ENTRY--TITLE
Title C-4 Resources' practice of ministry series
9 (RLIN) 5781
650 #0 - SUBJECT ADDED ENTRY--TOPICAL TERM
Topical term or geographic name entry element Pastoral theology.
9 (RLIN) 414
906 ## - LOCAL DATA ELEMENT F, LDF (RLIN)
a 7
b cbc
c orignew
d 2
e ncip
f 19
g y-gencatlg
942 ## - ADDED ENTRY ELEMENTS (KOHA)
Source of classification or shelving scheme Dewey Decimal Classification
Koha item type Books
Holdings
Withdrawn status Lost status Source of classification or shelving scheme Damaged status Not for loan Home library Current Library Shelving location Date acquired Total checkouts Full call number Barcode Date last seen Copy number Price effective from Koha item type
    Dewey Decimal Classification     GRACE BIBLE COLLEGE GRACE BIBLE COLLEGE Ministry & Mission 2017-09-13   253 CLA 006273 2025-05-01 c.1 2017-09-13 Books
© Grace Bible College Library 2025